MARC details
| 000 -CABECERA |
| campo de control de longitud fija |
01666nam a22002177a 4500 |
| 008 - DATOS DE LONGITUD FIJA--INFORMACIÓN GENERAL |
| campo de control de longitud fija |
241106b |||||||| |||| 00| 0 eng d |
| 020 ## - NÚMERO INTERNACIONAL ESTÁNDAR DEL LIBRO |
| Número Internacional Estándar del Libro |
9781802797626 |
| 040 ## - FUENTE DE LA CATALOGACIÓN |
| Centro/agencia transcriptor |
tbs |
| 041 ## - CÓDIGO DE LENGUA |
| Código de lengua del texto/banda sonora o título independiente |
eng |
| 050 ## - SIGNATURA TOPOGRÁFICA DE LA BIBLIOTECA DEL CONGRESO |
| Número de clasificación |
TT505.C456 |
| Número de documento/Ítem |
Y68 2024 |
| 100 ## - ENTRADA PRINCIPAL--NOMBRE DE PERSONA |
| Nombre de persona |
Young, Caroline |
| Títulos y otros términos asociados al nombre |
(Journalist) |
| 9 (RLIN) |
23354 |
| Término indicativo de función/relación |
author |
| 245 ## - MENCIÓN DE TÍTULO |
| Título |
Little book of Chloé |
| Resto del título |
: the story of the iconic fashion house |
| Mención de responsabilidad, etc. |
/ Caroline Young. |
| 260 ## - PUBLICACIÓN, DISTRIBUCIÓN, ETC. |
| Lugar de publicación, distribución, etc. |
London : Welbeck Publishing, 2024. |
| 300 ## - DESCRIPCIÓN FÍSICA |
| Extensión |
160 pages : illustrations (chiefly color), portraits (some color) ; 19 cm. |
| 490 ## - MENCIÓN DE SERIE |
| Mención de serie |
Little books of fashion |
| 520 ## - SUMARIO, ETC. |
| Sumario, etc. |
Since its establishment in 1952, the House of Chloé is renowned for its bohemian, whimsical style, high-quality fabrics and soft, lightweight designs. At the forefront of prêt-a-porter, founder Gaby Aghion created a ready-to-wear concept celebrating free-spirited femininity and elegance that revolutionized the fashion industry and that holds firm today. Boasting an almost cult-like following for its beautiful bags, and adored by celebrities and fashionistas the world over, the luxury Parisian fashion brand has produced some of the most iconic items ever made – the padlocked Paddington bag, Suzannah boots and pixie-style flats to name but a few. With a history of superstar designers including Stella MacCartney, Phoebe Philo and Clare Waight Keller, Lagerfeld-era vintage Chloé pieces more popular than ever, and an exciting new direction under Gabriela Hearst, everyone wants to be a #ChloeGirl. |
| 610 #0 - PUNTO DE ACCESO ADICIONAL DE MATERIA--NOMBRE DE ENTIDAD CORPORATIVA |
| Nombre de entidad corporativa o nombre de jurisdicción como elemento de entrada |
Chloé (Firm: Paris, France) |
| 9 (RLIN) |
24305 |
| 650 #0 - PUNTO DE ACCESO ADICIONAL DE MATERIA--TÉRMINO DE MATERIA |
| Término de materia o nombre geográfico como elemento de entrada |
Fashion design |
| Subdivisión geográfica |
France |
| Subdivisión general |
History |
| 9 (RLIN) |
23056 |
| 650 #0 - PUNTO DE ACCESO ADICIONAL DE MATERIA--TÉRMINO DE MATERIA |
| Término de materia o nombre geográfico como elemento de entrada |
Fashion designers |
| Subdivisión geográfica |
France |
| Subdivisión general |
History |
| 9 (RLIN) |
24304 |
| 942 ## - ELEMENTOS DE ENTRADA AGREGADA (KOHA) |
| Fuente del sistema de clasificación o colocación |
Clasificación de Library of Congress |